• 首页
  • 本馆介绍
  • 公告通知
  • 最新文献
  • 馆藏检索
  • 电子资源
  • 读者导购
  • 参考咨询
  • 我的图书馆
  • 登录
  • 详细信息显示
  • 放入我的书架
  • 预约/预借图书
  • 作者相关作品
  • 分类相关作品
  • 丛书相关作品
  • 出版社相关作品

书目信息

  • 表格格式
  • 工作单格式
  • 卡片格式
题名:
比较传媒史
    
 
作者: 陈彤旭 著
分册:  
出版信息: 广州   世界图书出版广东有限公司  2014
页数: 272页
开本: 24cm
丛书名:
单 册:
中图分类: G219.19
科图分类:
主题词: 传播媒介--新闻事业史--研究
电子资源:
ISBN: 978-7-5100-7193-5
000 00818nam0 2200241 450
001 339341
005 20150608091314.75
010    @a978-7-5100-7193-5@dCNY54.00
100    @a20140623d2014 em y0chiy50 ea
101 0  @achi
102    @aCN@b440000
105    @ay z 000yy
106    @ar
200 1  @a比较传媒史@Abi jiao chuan mei shi@f陈彤旭著
210    @a广州@c世界图书出版广东有限公司@d2014
215    @a272页@d24cm
300    @a中国青年政治学院出版基金资助
330    @a本书主要内容有: 比较视野中的印刷文献、比较视野中的数字化文献、比较视野中的传媒史研究方法、比较视野中的传媒史教育、比较视野中的早期媒介、比较视野中的报刊名称等。
606 0  @a传播媒介@x新闻事业史@x研究
690    @aG219.19@v5
701  0 @a陈彤旭@Achen tong xu@c(女)@4著
801  0 @aCN@b卓展宏图@c20150525
905    @dG219.19@e625@f4
    
    比较传媒史/陈彤旭著.-广州:世界图书出版广东有限公司,2014
    272页;24cm
    中国青年政治学院出版基金资助
    
    ISBN 978-7-5100-7193-5:CNY54.00
    本书主要内容有: 比较视野中的印刷文献、比较视野中的数字化文献、比较视野中的传媒史研究方法、比较视野中的传媒史教育、比较视野中的早期媒介、比较视野中的报刊名称等。
●
相关链接 在E读中查询图书 在五车中查询图书 在当当中查询图书 在豆瓣中查询图书


正题名:比较传媒史     索取号:G219.19/625         预约/预借

序号 登录号 条形码 馆藏地/架位号 状态 备注
1 857821   208578216   第一样本阅览室/ [索取号:G219.19/625] 在馆    
2 857822   208578225   第四借阅区/ [索取号:G219.19/625] 在馆    
3 857823   208578234   第四借阅区/ [索取号:G219.19/625] 在馆    
4 857824   208578243   第四借阅区/ [索取号:G219.19/625] 在馆    
唐山师范学院图书馆 欢迎您!
大连网信软件有限公司© 版权所有